Sports Quiz

Random Sports or Basketball Quiz

NBA Television Broadcasters Quiz Stats

 Plays Quiz not verified by Sporcle

Challenge
Share
Tweet
Embed
Score 0/67 Timer 15:00
0 Plays Today
NBA Team Broadcasters % Correct
New York Knicks PBPMike Breen
79.5%
Chicago Bulls AnalystStacey King
60.2%
New York Knicks AnalystWalt Frazier
58.9%
Cleveland Cavaliers AnalystAustin Carr
47%
New Jersey Nets PBPIan Eagle
45.2%
Atlanta Hawks AnalystDominique Wilkins
44.6%
Los Angeles Clippers AnalystMike Smith
43.9%
Chicago Bulls PBPNeil Funk
38.6%
Phoenix Suns AnalystScott Williams
38.4%
Boston Celtics AnalystTom Heinsohn
36.1%
Los Angeles Lakers AnalystStu Lantz
35.4%
Oklahoma City Tunder PBPBrian Davis
34.2%
Portland Trailblazers AnalystMike Rice
30.1%
Dallas Mavericks Analyst 2Brad Davis
30.1%
Boston Celtics PBPMike Gorman
28.9%
Charlotte Bobcats AnalystDell Curry
28.9%
New Jersey Nets AnalystMike Fratello
28.8%
Oklahoma City Thunder AnalystGrant Long
28.8%
Miami Heat PBPEric Reid
28%
Dallas Mavericks AnalystDerek Harper
27.7%
Toronto Raptors AnalystJack Armstrong
27.4%
Sacramento Kings Analyst 2Bill Walton
26%
Charlotte Bobcats PBPSteve Martin
25.3%
Indiana Pacers Analyst 2Quinn Buckner
24.4%
Denver Nuggets AnalystScott Hastings
24.1%
Houston Rockets AnalystClyde Drexler
23.2%
Indiana Pacers AnalystClark Kellogg
23.2%
Memphis Grizzlies AnalystBrevin Knight
22%
Philadelphia 76ers AnalystMalik Rose
21.9%
San Antonio Spurs AnalystSean Elliott
21.9%
Los Angeles Clippers PBPRalph Lawler
20.7%
Orlando Magic PBPDavid Steele
20.5%
Toronto Raptors PBPMatt Devlin
20.5%
Utah Jazz AnalystMatt Harpring
20.5%
NBA Team Broadcasters % Correct
Houston Rockets PBPBill Worrell
20.5%
San Antonio Spurs PBPBill Land
19.2%
Utah Jazz PBPCraig Bolerjack
19.2%
Los Angeles Lakers PBPBill Macdonald
18.3%
Cleveland Cavaliers PBPFred McCloud
18.1%
Houston Rockets Analyst 2Matt Bullard
15.9%
New York Knicks PBP 2Spero Dedes
15.1%
Philadelphia 76ers PBPMarc Zumoff
15.1%
Sacramento Kings AnalystJerry Reynolds
13.7%
Minnesota T'Wolves AnalystJim Petersen
12.3%
Phoenix Suns PBPTom Leander
11%
Sacramento Kings PBPGrant Napear
11%
Atlanta Hawks PBPBob Rathbun
10.8%
Dallas Mavericks PBPMark Followill
10.8%
Detroit Pistons PBPGeorge Blaha
10.8%
Golden State Warriors PBPBob Fitzgerald
10.8%
Golden State Warriors AnalystJim Barnett
10.8%
Denver Nuggets PBPChris Marlowe
9.6%
Toronto Raptors Analyst 2Leo Rautins
9.6%
Washington Wizards AnalystPhil Chenier
9.6%
Detroit Pistons AnalystGreg Kelser
8.4%
Milwaukee Bucks PBPJim Paschke
6.8%
New York Knicks Analyst 2Kelly Tripucka
6.8%
Orlando Magic AnalystMatt Guokas
6.8%
Portland Trailblazers PBPMike Barrett
6.8%
Memphis Grizzlies PBPPete Pranica
6.1%
Washington Wizards PBPSteve Buckhantz
5.5%
Indiana Pacers PBPChris Denari
4.9%
Miami Heat AnalystTony Fiorentino
4.9%
Milwaukee Bucks AnalystJon McGlocklin
4.1%
New Orleans Hornets AnalystGil McGregor
2.7%
Minnesota T'Wolves PBPTom Hanneman
1.4%
New Orleans Hornets PBPBob Licht
1.4%

You're not logged in!

Compare scores with friends on all Sporcle quizzes.
Join for Free
OR
Log In

You Might Also Like...

Show Comments

Extras

Top Quizzes Today


Score Distribution

Your Account Isn't Verified!

In order to create a playlist on Sporcle, you need to verify the email address you used during registration. Go to your Sporcle Settings to finish the process.

Report this User

Report this user for behavior that violates our Community Guidelines.

Details: